| 000 | 00378nam a2200145Ia 4500 | ||
|---|---|---|---|
| 008 | 210210b1978 xxu||||| |||| 00| 0 eng d | ||
| 082 | _a330.15 MADH | ||
| 100 | _aMADAN (G R) & DHOORIA (H S). | ||
| 245 | _aHistory & development of economic thought. | ||
| 250 | _a | ||
| 260 |
_aND _bS. Chand & Co. Ltd. _c1978 |
||
| 300 | _a311 | ||
| 690 | _aEconomic Thought | ||
| 906 | _a034369 | ||
| 999 |
_c85020 _d85020 |
||